000 00696nam a2200253Ia 4500
003 OSt
005 20220925231644.0
006 a|||||r|||| 00| 0
007 ta
008 220923b |||||||| |||| 00| 0 eng d
020 _a0719029007
037 _cGeneral Book
040 _aRTL
_cRTL
_beng
041 _2eng
_aeng
082 _aW:77, N0
100 _aMackenzie John M
_9295859
245 0 _aImperialism and the natural world
260 _aManchester
_bManchester University Press
_c1990
300 _aviii,216p
_ccm.
500 _aBibliography chapterwise
650 _aImperialism
942 _hW:77, N0
_cGB
_2CC
999 _c589076
_d589076